Shakespearean Quotes Click Quiz - Statistics

General Stats
  • This quiz has been taken 255 times
  • The average score is 21 of 25
Answer Stats
Hint Answer % Correct
Friends, Romans, countrymen, lend me your ____ Ears
96%
Uneasy lies the head that wears the _____ Crown
95%
We are such stuff as ______ are made on Dreams
94%
All the world's a _____, and all the men and women merely players Stage
93%
To thine own self be ____ True
93%
If you prick us, do we not _____? Bleed
92%
My kingdom for a _____! Horse
91%
The lady doth _______ too much, methinks Protest
91%
Et tu, _____? Brute
90%
Neither a borrower nor a ______ be Lender
90%
Words are easy, like the wind; faithful _______ are hard to find Friends
89%
O that I were a _____ upon that hand that I might touch that cheek! Glove
86%
If _____ be the food of love, play on Music
86%
______ can come of nothing Nothing
84%
_______ is the soul of wit Brevity
82%
I would my horse had the speed of your ______ Tongue
82%
Now is the ______ of our discontent Winter
82%
How far that little ______ throws its beams! Candle
81%
Why, then the world's mine ______ Oyster
79%
The Devil can cite ________ for his purpose Scripture
78%
How sharper than a serpent's tooth it is to have a thankless _____ Child
72%
One may smile, and smile, and be a _______ Villain
69%
______'s lease hath all too short a date Summer
64%
No legacy is so rich as _______ Honesty
58%
__________ doth make cowards of us all Conscience
57%
No matching quizzes found
Score Distribution
Percent of People with Each Score
Percentile by Number Answered
Your Score History
You have not taken this quiz